000 00320nam a22001457a 4500
008 210310b ||||| |||| 00| 0 eng d
020 _a9781269423410
041 _aeng
080 _a004
082 _a004
100 _a28
101 _aSHKI
245 _aGO With Microsoft Office 2013
_cGaskin, Sh
942 _2udc
_cBK
999 _c56231
_d56231